Statistiques concernant Films avec Ramzy Bedia par image

Cliquez ici pour prendre le quiz!

Statistiques générales

  • Ce quiz a été pris 82 fois
  • Le résultat moyen est 6 sur 16

Statistiques - réponses

Réponse% Correct
La Tour Montparnasse infernale
92%
Astérix et Obélix : L'Empire du Milieu
82%
Les Dalton
79%
Alad'2
73%
Taxi 5
68%
Les Kaïra
36%
Double zéro
32%
Steak
32%
Coexister
29%
Les Aventures de Spirou et Fantasio
28%
Brutus vs César
23%
Hibou
15%
Youssef Salem a du succès
12%
Rendez-vous chez les Malawas
8%
Les Blagues de Toto
5%
Hommes au bord de la crise de nerfs
1%

Distribution des résultats

Percentile par nombre de réponses

% des personnes avec chaque résultat

Votre développement - résultats

Vous n’avez pas pris ce quiz